| 000 | 00379nam a22001577a 4500 | ||
|---|---|---|---|
| 005 | 20160905163816.0 | ||
| 008 | 160905b xxu||||| |||| 00| 0 eng d | ||
| 020 | _a978-93-272-6814-0 | ||
| 041 | _aeng | ||
| 100 |
_aArora,J.S _93513 |
||
| 245 | _aIntroductory Ornamental Horticultural | ||
| 260 |
_bKalyani _c2016 |
||
| 300 | _a325 | ||
| 650 |
_aAgricultural _93475 |
||
| 942 | _cBK | ||
| 999 |
_c5213 _d5211 |
||